Statistics for Top 20 Most Common English Surnames

Click here to take the quiz!

General Stats

  • This quiz has been taken 1,302 times
  • The average score is 8 of 20

Answer Stats

RankStarts withSurname% Correct
1SSmith
97%
7JJohnson
78%
2JJones
77%
5WWilliams
70%
4BBrown
58%
19JJackson
55%
14WWhite
55%
6WWilson
49%
11TThompson
45%
15RRoberts
41%
3TTaylor
37%
16GGreen
35%
10WWright
25%
12EEvans
24%
8DDavies
23%
9RRobinson
19%
13WWalker
18%
18WWood
17%
17HHall
11%
20CClarke
9%

Score Distribution

Percentile by Number Answered

Percent of People with Each Score

Your Score History

You have not taken this quiz